| 000 | 01481nam a2200397 c 4500 | ||
|---|---|---|---|
| 003 | BLK | ||
| 005 | 20250125114156.0 | ||
| 008 | 180409b bul|||||r ||||||| ||bul|| | ||
| 010 | _aKNG00136706000 | ||
| 020 |
_a978-954-01-2672-2 _bиздат.: Просвета |
||
| 040 | _aBLK | ||
| 041 |
_aBUL _cBUL |
||
| 072 | 7 |
_2bullib _aН92 _xИстория Н |
|
| 080 |
_aСтара и антична история _b931 _x:087.5(036) _z931:087.5(036) |
||
| 100 | 1 |
_aСимс, Лесли _eпърви автор _9378177 |
|
| 700 | 1 |
_aДод, Ема _eил. _9322476 |
|
| 700 | 1 |
_aЦанков, Константин Николаев _eпрев. _9372242 |
|
| 139 |
_aСимс, Лесли _bС 37 |
||
| 245 | 1 | 0 |
_aПътеводител в древния свят _cЛесли Симс; ил. Ема Дод; прев. Константин Николаев Цанков. |
| 257 | _aGBR | ||
| 260 |
_аСофия _bПросвета _c2012 _fСофия : Д. Благоев |
||
| 300 |
_a204 с. _bс цв. ил. _c24 см |
||
| 380 | _aDN | ||
| 500 | _aАзб. показалец | ||
| 650 | 4 |
_aИстория, стара _9245372 |
|
| 653 | _aдревен свят | ||
| 653 | _aпътеводители | ||
| 653 | _aдетска литература | ||
| 659 | _aН | ||
| 852 | _aЦб 257247 | ||
| 856 | 4 |
_qpdf _u |
|
| 856 | 4 |
_qpdf _u |
|
| 942 |
_cKNG _n0 _013 |
||
| 944 |
_aCR _c03.04.2007 _k30550 _lКети Илиева |
||
| 944 |
_aED _c21.11.2013 _k |
||
| 999 |
_c130910 _d130910 |
||